|
|
|
|
| LEADER |
00000nam0a2200000 4500 |
| 001 |
244217 |
| 005 |
20231101232031.0 |
| 035 |
|
|
|a (RuTPU)RU\TPU\book\265599
|
| 090 |
|
|
|a 244217
|
| 100 |
|
|
|a 20131017d1988 m y0rusy50 ca
|
| 101 |
0 |
|
|a rus
|
| 102 |
|
|
|a RU
|
| 105 |
|
|
|a a j 001zy
|
| 200 |
1 |
|
|a Физические методы исследования биологических микроструктур
|e учебное пособие
|f Н. П. Диденко
|g Томский политехнический институт (ТПИ)
|
| 210 |
|
|
|a Томск
|c Изд-во ТПИ
|d 1988
|
| 215 |
|
|
|a 90 с.
|c ил.
|
| 320 |
|
|
|a Библиогр.: с. 88.
|
| 606 |
1 |
|
|a Молекулярная биофизика
|2 stltpush
|3 (RuTPU)RU\TPU\subj\44289
|9 63646
|
| 610 |
1 |
|
|a биологические соединения
|
| 610 |
1 |
|
|a исследование
|
| 610 |
1 |
|
|a физические методы
|
| 610 |
1 |
|
|a радиоспектральные методы
|
| 610 |
1 |
|
|a ядерный магнитный резонанс
|
| 610 |
1 |
|
|a использование
|
| 610 |
1 |
|
|a экология
|
| 610 |
1 |
|
|a учебные пособия
|
| 675 |
|
|
|a 577.32(075.8)
|v 3
|
| 700 |
|
1 |
|a Диденко
|b Н. П.
|g Нина Павловна
|
| 712 |
0 |
2 |
|a Томский политехнический институт (ТПИ)
|c (1944-1991)
|2 stltpush
|3 (RuTPU)RU\TPU\col\1123
|
| 801 |
|
1 |
|a RU
|b 63413507
|c 20131017
|
| 801 |
|
2 |
|a RU
|b 63413507
|c 20140610
|g RCR
|
| 942 |
|
|
|c BK
|